000 00775nam a2200241 a 4500
001 BRCA_6626
005 20190320205532.0
008 061011s1969----u--a######---#000-0#eng-#
041 _aeng
044 _au
050 4 _aND623.G5
_b.G56 1969
245 1 0 _aGiotto
_bThe Arena Chapel Frescoes
_cedited by James H. Stubblebine.
260 _aE. U. A.
_bW. W. Norton & Company
_cc1969
300 _axiii, 218 p.
_bil.
_c21 cm.
440 0 _aA Norton critical study in art history
_916336
500 _aDonación Dra. Elsa Barberena
504 _aBibliografía: p. [215]-218
600 1 4 _aGiotto
_d1266?-1337
_916594
610 2 4 _aCappella degli Scrovegni nell’Arena (Padua, Italy)
_916595
700 1 _aStubblebine, James H.
_eed.
_916596
902 _aDEB
942 _2lcc
_cB
999 _c6310
_d6310